A booke named Tectonicon : briefly shewing the exact measuring, and speedie reckoning all manner of land, squares, timber, stone, steeples, pillers, globes, &c. Further, declaring the perfect making and large vse of the carpenters ruler, containing a quadrant geometricall: comprehending also the rare vse of the squire. And in the end a little treatise adioyning, opening the composition and appliancy of an instrument called the profitable staffe. With other things pleasant and necessary, most conducible for surueyers, land-meaters, ioyners, carpenters and masons. Published by Leonard Digges Gentleman, in the yeere of our Lord, 1556.

Bibliographic Details
Main Author: Digges, Leonard, d. 1571?
Format: eBook
Language:English
Published: London : Imprinted by Felix Kyngston, 1634.
Series:Early English books online.
Subjects:
Online Access:Connect to the full text of this electronic book

MARC

Tag First Indicator Second Indicator Subfields
LEADER 00000nam a2200000 4500
001 in00004227313
005 20200806100901.0
006 m g d
007 cr bn |||a|bb|
008 910925s1634 enk o 00| | eng d
035 |a (UnM)99845339 
037 |a CL0036000040  |b ProQuest. 789 E. Eisenhower Parkway, Ann Arbor, MI 48108-3218 
040 |a Cu-RivES  |c Cu-RivES  |d CStRLIN  |e dcrb  |d WaOLN 
100 1 |a Digges, Leonard,  |d d. 1571? 
240 1 0 |a Tectonicon 
245 0 2 |a A booke named Tectonicon :  |b briefly shewing the exact measuring, and speedie reckoning all manner of land, squares, timber, stone, steeples, pillers, globes, &c. Further, declaring the perfect making and large vse of the carpenters ruler, containing a quadrant geometricall: comprehending also the rare vse of the squire. And in the end a little treatise adioyning, opening the composition and appliancy of an instrument called the profitable staffe. With other things pleasant and necessary, most conducible for surueyers, land-meaters, ioyners, carpenters and masons. Published by Leonard Digges Gentleman, in the yeere of our Lord, 1556. 
246 2 |a Tectonicon. 
260 |a London :  |b Imprinted by Felix Kyngston,  |c 1634. 
300 |a 1 online resource ([2], 26 leaves, [2] folded tables :  |b illustrations. 
336 |a text  |b txt  |2 rdacontent 
337 |a computer  |b c  |2 rdamedia 
338 |a online resource  |b cr  |2 rdacarrier 
500 |a Reproduction of the original in the University of Michigan. Library. 
510 4 |a STC (2nd edition)  |c 6856. 
533 |a Electronic reproduction.  |b Ann Arbor, Mich. :  |c UMI,  |d 1999-  |f (Early English books online)  |n Digital version of: (Early English books, 1475-1640 ; 1446:08)  |7 s1999 miun s 
650 0 |a Mensuration  |v Early works to 1800. 
830 0 |a Early English books online. 
856 4 0 |u http://proxy.library.tamu.edu/login?url=https://search.proquest.com/docview/2264190430  |z Connect to the full text of this electronic book  |t 0 
999 f f |s 2ce47b8f-1461-3019-8fe6-50ee5e06efeb  |i 9d7f1ee2-569c-3514-a83e-bde404ec68c5  |t 0 
952 f f |a Texas A&M University  |b College Station  |c Electronic Resources  |d Available Online  |t 0  |h No information provided 
998 f f |t 0  |l Available Online